| 000 | 00877nam a2200253 a 4500 | ||
|---|---|---|---|
| 008 | |||
| 020 | _a1853391565 (pbk) | ||
| 049 | _aMAIN | ||
| 090 | _aHQ1240.5.D44 GEN | ||
| 245 | 0 | 0 |
_aGender, small-scale industry and development policy / _cedited by I. S. A. Baud and G. A. de Bruijne. |
| 260 |
_aLondon : _bIT Publications, _c1993. |
||
| 300 |
_aix, 214 p. : _bill. ; _c23 cm. |
||
| 504 | _aIncludes bibliographical references. | ||
| 650 | 0 |
_aWomen in development _zDeveloping countries. |
|
| 650 | 0 |
_aSexual division of labor _zDeveloping countries. |
|
| 650 | 0 |
_aSex discrimination in employment _zDeveloping countries. |
|
| 700 | 1 | _aBaud, I. S. A. | |
| 700 | 1 | _aBruijne, G. A. de. | |
| 907 |
_a.b10019753 _b19-01-07 _c17-04-03 |
||
| 003 | |||
| 005 | 20230123133135.0 | ||
| 040 | _cNUST | ||
| 942 |
_cBOOKS _kHQ1240.5.D44 GEN |
||
| 999 |
_c143443 _d143443 |
||